00675nam a2200241 a 4500001001300000003000900013005001700022008004100039020001000080082001300090100002100103245004300124260003300167300000800200500003500208505002800243650001800271700002100289902000800310942000700318952009300325999001500418nice12345678IN_TiNIC20260116011858.0050524s1936 beia grp 000 0 per  ac10000a244bMAC aMac Donald, Mary aSarguzasht-E-Yaknafar Mahkoom Ba Aadam aBeirutbAmerican Pressc1936 a83p aincludes index and biblioraphy2 aHand Written Manuscript aBible Stories1 aMac Donald, Mary bSRS cBK 00104070aHMIbHMId2007-07-05g100.00l0o244 MACp5020r2007-07-05w2026-01-16yARB c4664d4664